| 000 | 00357nam a22001457a 4500 | ||
|---|---|---|---|
| 003 | OSt | ||
| 005 | 20160727222355.0 | ||
| 008 | 160622b xxu||||| |||| 00| 0 eng d | ||
| 040 | _cTEST | ||
| 100 |
_9498 _aClymer, T., et al |
||
| 245 | _aA Lizard to start with | ||
| 260 |
_aA Lizard to start with _c1979 |
||
| 300 | _aA Lizard to start with | ||
| 942 |
_2ddc _cBK |
||
| 999 |
_c411 _d411 |
||